Acronymes -- médical - Statistiques

Statistiques générales
  • Ce quiz a été pris 417 fois
  • Le résultat moyen est 6 sur 20
Statistiques - réponses
Hint Réponse % Correct
AVC Accident vasculaire cérébral
88%
ECG Electrocardiogramme
74%
ATCD Antécédent
66%
IVG Interruption volontaire de grossesse
63%
OMS Organisation mondiale de la santé
55%
ACR Arrêt cardio respiratoire
48%
EFS Etablissement français du sang
46%
BPCO Broncho-Pneumopathie Chronique Obstructive
37%
EMG Electromyogramme
31%
IDE Infirmière diplômée d'état
29%
IRM Imagerie par Résonance Magnétique
19%
IADE Infirmière anesthésiste
19%
EHPAD Etablissement d'hébergement pour personnes âgées dépendantes
17%
SIDA Syndrome d'Immunodéficience Acquise
16%
AVP Accident de la voie public
12%
SAMU Service d'aide médicale d'urgence
10%
DNID Diabétique non insulino dépendant
5%
SMUR Service mobile d'urgence et de réanimation
5%
DASRI Déchets d'activités de soins à risques infectieux
3%
USC Unité de surveillance continue
2%
Aucun quiz correspondant
Distribution des résultats
% des personnes avec chaque résultat
Percentile par nombre de réponses
Votre historique - résultats
Vous n’avez pas pris ce quiz